| 000 | 00397nam a22001457a 4500 | ||
|---|---|---|---|
| 005 | 20250227100443.0 | ||
| 008 | 250227b |||||||| |||| 00| 0 eng d | ||
| 020 | _a9780751738414 | ||
| 050 |
_aHF5635 _bFIN |
||
| 245 |
_aFinancial Accounting; _binternational stream intermediate paper 6 |
||
| 260 |
_aLondon _bBPP Publishing ltd _cc2001 |
||
| 300 | _ax, 110p | ||
| 710 | _aCIMA | ||
| 942 |
_2lcc _cBK _n0 |
||
| 999 |
_c4407 _d4407 |
||